000 00671nam a2200193Ii 4500
003 JO-AjNU
008 230605s9999||||xx |||||||||||||| ||und||
040 _aJO-AjNU
_bara
_erda
_cJO-AjNU
041 _aara
050 1 4 _aQD31.2.C6712 1982
100 3 _aكوكون ، البرت واخرون ؛ ترجمة جريس الريحاني ,
_eauthor
_98602
245 0 0 _aالكيمياء نهج استقصائي مج1
264 3 1 _aعمان:مطابع الجمعيه العلميه الملكيه ، 1986
300 _a200ص
336 _atext
_btxt
_2rdacontent
337 _aunmediated
_bn
_2rdamedia
338 _avolume
_bnc
_2rdacarrier
650 4 _aالكيمياء
_98603
999 _aA873
_c4441
_d4441